Вып. 10; Динамические системы

Dades bibliogràfiques
Parent link:Динамические системы: республиканский межведомственный научный сборник/ Симферопольский государственный университет им. М. В. Фрунзе (СГУ). Вып. 10.— , 1982-
Altres autors: Шевляков Ю. А. Юрий Андреевич (редактор)
Idioma:rus
Publicat: 1992
Matèries:
Format: MixedMaterials Llibre
KOHA link:https://koha.lib.tpu.ru/cgi-bin/koha/opac-detail.pl?biblionumber=155605

MARC

LEADER 00000nam2a2200000 4500
001 155605
005 20231031152522.0
020 |a RU  |b 88-18455ж 
035 |a (RuTPU)RU\TPU\book\168783 
090 |a 155605 
100 |a 20090317d1992 k y0rusy5003 ca 
101 0 |a rus 
102 |a UA 
105 |a a z 001zy 
200 0 |a Вып. 10  |f отв. ред. Ю. А. Шевляков 
210 |d 1992 
215 |a 136 с. 
320 |a Библиография в конце статей 
461 1 |0 (RuTPU)RU\TPU\book\227455  |t Динамические системы  |o республиканский межведомственный научный сборник  |f Симферопольский государственный университет им. М. В. Фрунзе (СГУ)  |v Вып. 10  |d 1982-  
610 1 |a динамические системы 
610 1 |a сборники 
610 1 |a САПР 
610 1 |a АСУ 
610 1 |a математическое обеспечение 
610 1 |a программное обеспечение 
675 |a 681.51.033  |v 3 
702 1 |a Шевляков  |b Ю. А.  |g Юрий Андреевич  |4 340 
801 0 |a RU  |b RuMRKP  |c 19950417  |g psbo 
801 1 |a RU  |b 63413507  |c 20090317  |g PSBO 
801 2 |a RU  |b 63413507  |c 20130702  |g PSBO 
942 |c BK